000 01257nam a2200277 a 4500
003 OSt
005 20240408102810.0
007 cr ||||||a|c|a
008 240226s2023 mx a|||fom||| 001 0 spa d
040 _erda
100 1 _9188850
_aJaramillo Tenorio, Moises Abraham
245 1 0 _aDinámica temporal del uso de suelo y vegetación en la zona metropolitana de Tampico a partir de las capas temáticas series III, V y VII /
_cMoises Abraham Jaramillo Tenorio; director de tesis Ramón Trucios Caciano
264 1 _aChapingo, México :
_bEl autor,
_c2023.
300 _a1 recurso en línea (66 páginas):
_bcuadros y figuras..
336 _2rdacontent
_atexto
_btxt
337 _2rdamedia
_acomputadora
_bc
338 _2rdacarrier
_arecurso en línea
_bcr
502 _bISA
_cURUZA
_d2023.
_gLIC
504 _aIncluye referencias bibliográficas: páginas 46-53
650 4 _9110440
_aSuelos
_xMétodos estadísticos
650 4 _9110473
_aSuelos
_xRecuperación de
650 4 _9110532
_aSuelos agrícolas
_xEstadísticas
700 1 _9115346
_aTrucios Caciano, Ramón
_eDirector de tesis.
856 _uhttp://10.13.5.2/tesis/tl/1811228-3_JARAMILLO_TENORIO_MOISESABRAHAM.pdf
_zDESCARGAR PDF
942 _2Clasificación Universidad Autónoma Chapingo
_cTD
999 _c219762
_d219762